| 000 | 00356nam a22001457a 4500 | ||
|---|---|---|---|
| 003 | OSt | ||
| 008 | 201120b ||||| |||| 00| 0 eng d | ||
| 100 | _aSHARMA, Ashok | ||
| 245 | _aSolid State Physics & Quantum | ||
| 260 |
_aNew Delhi _bModern Publishers _c2020 |
||
| 300 | _a94 | ||
| 650 | _aB.Sc Non Medical | ||
| 700 | _a SINGLA, R.K | ||
| 942 |
_2ddc _cBK |
||
| 999 |
_c9265 _d9265 |
||